| 000 | 00348nam a22001577a 4500 | ||
|---|---|---|---|
| 003 | SGT | ||
| 020 | _a81-8247046-3 | ||
| 082 | _a746.03,BRO | ||
| 100 | _aBROWN,MASON | ||
| 245 | _aCOMPERHENSIVE DICTIONARY OF TEXTILES | ||
| 250 | _a1ST | ||
| 260 |
_aCHANDIGARH _bABHISHEK PUB. _c2013 |
||
| 300 | _a200 | ||
| 650 | _aDICTIONARY | ||
| 942 |
_2ddc _cBK _01 |
||
| 999 |
_c9926 _d9926 |
||